000 01017nam a22002897a 4500
003 BCEG
005 20260128174527.0
008 260116r2010 mx |||||||||||||||||spa d
020 _a9786074773330 (UAM)
020 _a9786077519805 (EÓN)
040 _aBCEG
_bspa
_cBCEG
082 _a306.766
_bR696c
100 1 _aRodríguez Ortiz, Efraín,
_d1959-.
245 1 0 _aCrímenes de odio por homofobia
_b: los otros asesinatos de Ciudad Juárez.
260 _aMéxico :
_bUniversidad Autónoma Metropolitana : Eón,
_c2010.
300 _a187 p.
490 _aEón Sociales.
490 _aDiversidad sin Violencia ;
_v2.
504 _aIncluye bibliografía.
650 1 4 _aHomofobia
_xAspectos sociales
_zCiudad Juárez (Chihuahua, México).
650 1 4 _aCrímenes de odio
_zCiudad Juárez (Chihuahua, México).
650 1 4 _aDiscriminación sexual.
700 1 _aMelgoza Valdivia, Javier,
_ecoord.
700 1 _aRavelo Blancas, Patricia,
_ecoord.
700 1 _aSánchez Díaz, Sergio G.,
_ecoord.
942 _cBK
999 _c437019
_d437019